Estimation and control of systems / (Record no. 183920)
[ view plain ]
| 000 -LEADER | |
|---|---|
| fixed length control field | 00897 a2200205 4500 |
| 003 - CONTROL NUMBER IDENTIFIER | |
| control field | Nust |
| 005 - DATE AND TIME OF LATEST TRANSACTION | |
| control field | 20230321113939.0 |
| 010 ## - LIBRARY OF CONGRESS CONTROL NUMBER | |
| LC control number | 83006685 |
| 020 ## - INTERNATIONAL STANDARD BOOK NUMBER | |
| International Standard Book Number | 0442222858 |
| 040 ## - CATALOGING SOURCE | |
| Transcribing agency | Nust |
| 082 00 - DEWEY DECIMAL CLASSIFICATION NUMBER | |
| Classification number | 629.8312,ELB |
| 100 1# - MAIN ENTRY--PERSONAL NAME | |
| Personal name | Elbert, Theodore F. |
| 9 (RLIN) | 110804 |
| 245 10 - TITLE STATEMENT | |
| Title | Estimation and control of systems / |
| Statement of responsibility, etc. | Theodore F. Elbert. |
| 260 ## - PUBLICATION, DISTRIBUTION, ETC. | |
| Place of publication, distribution, etc. | New York : |
| Name of publisher, distributor, etc. | Van Nostrand Reinhold, |
| Date of publication, distribution, etc. | c1984. |
| 300 ## - PHYSICAL DESCRIPTION | |
| Extent | xix, 649 p. ; |
| Dimensions | 24 cm. |
| 505 ## - FORMATTED CONTENTS NOTE | |
| Formatted contents note | Introduction (Page-1), Review of Probability and Statistical Inference (Page-8), Random Processes (Page-55), Basic Tenets of System Theory (Page-90), Modal Control of Linear Dynamic Systems (Page-148), Optimal Control of Dynamic Systems (Page-262), Optimal Estimation and Filtering (Page-365), Dynamic Programming as a System Optimization Technique (Page-497). |
| 650 #0 - SUBJECT ADDED ENTRY--TOPICAL TERM | |
| Topical term or geographic name entry element | Control theory. |
| 650 #0 - SUBJECT ADDED ENTRY--TOPICAL TERM | |
| Topical term or geographic name entry element | Estimation theory. |
| 9 (RLIN) | 10694 |
| 942 ## - ADDED ENTRY ELEMENTS (KOHA) | |
| Source of classification or shelving scheme | |
| Koha item type | Book |
| Withdrawn status | Lost status | Source of classification or shelving scheme | Damaged status | Not for loan | Permanent Location | Current Location | Shelving location | Date acquired | Full call number | Barcode | Date last seen | Price effective from | Koha item type | Public note |
|---|---|---|---|---|---|---|---|---|---|---|---|---|---|---|
| Military College of Signals (MCS) | Military College of Signals (MCS) | General Stacks | 12/12/2016 | 629.8312,ELB | MCS20781 | 12/08/2016 | 12/12/2016 | Book | Almirah No.74, Shelf No.7 | |||||
| Military College of Signals (MCS) | Military College of Signals (MCS) | General Stacks | 12/12/2016 | 629.8312,ELB | MCS20819 | 12/08/2016 | 12/12/2016 | Book | Almirah No.74, Shelf No.7 | |||||
| Military College of Signals (MCS) | Military College of Signals (MCS) | General Stacks | 12/12/2016 | 629.8312 ELB | MCS20830 | 12/08/2016 | 12/12/2016 | Book | Almirah No.74, Shelf No.7 | |||||
| Military College of Signals (MCS) | Military College of Signals (MCS) | General Stacks | 12/12/2016 | 629.8312,ELB | MCS20831 | 12/08/2016 | 12/12/2016 | Book | Almirah No.74, Shelf No.7 |
